00784nam a2200181Ia 4500001001000000003000500010008004100015010001100056040000900067100003200076245024500108260003500353300001000388502008900398650004000487650002500527710005000552Para_1041CHAP220125s1995 xx 000 0 und d a199767 cCHAP aDomínguez Sepulveda, Hugo aControl quimico de Sitophilus granarius L. (Coleoptera :b Curculionidae) y efecto de la fumigación en semilla de cebada maltera almacenada, en relación a su contenido de humedad en Chapingo, México /c por Hugo Domínguez Sepulveda aChapingo, Méx. :b El autor a55 h. aTesis (Ing. Agr. Esp. en Parasitología Agrícola) -- UACh. Depto. Parasitología aCereales x Almacenamientoxplagas  aSitophilus granarius aUACh. Departamento Parasitología Agrícola